000 02631cam a2200625 i 4500
001 xx004696277
003 NUKAT
005 20260407124323.0
008 190910s2019 pl a |001 0dpol c
020 _a9788380986381
_q(oprawa twarda) :
_czł 39,00
035 _a(OCoLC)1121424370
035 _a(NUKAT)xx004696277
040 _aWR U/ms
_bpol
_erda
_cWR U/ms
_dWR U/hb
_dKAT U/JPs
_dWA M/ES
_dOLSZT 008/bak
045 2 _bd1914
_bd1939
046 _k2019
100 1 _aHarasym, Zenon
_d(1941- ).
_eAutor
_939522
245 1 0 _aTadeusz Rożek - oficer i fotograf :
_bfotografia wojenna z okresu I wojny światowej /
_cZenon Harasym.
246 3 0 _aFotografia wojenna z okresu I wojny światowej
260 _aWrocław ;
_aWarszawa :
_bInstytut Pamięci Narodowej - Komisja Ścigania Zbrodni przeciwko Narodowi Polskiemu,
_c2019.
300 _a175 stron :
_bilustracje (w tym kolorowe) ;
_c23 x 25 cm.
336 _aTekst
_btxt
_2rdacontent
336 _aObraz
_bsti
_2rdacontent
337 _aBez urządzenia pośredniczącego
_bn
_2rdamedia
338 _aWolumin
_bnc
_2rdacarrier
380 _aAlbumy i książki artystyczne
380 _aKsiążki
380 _aPublikacje naukowe
388 1 _a2001-
500 _aDruk dwuszpaltowy.
504 _aBibliografia na stronach 167-169. Indeks.
536 _aMateriał na publikację został opracowany przy wsparciu funduszu stypendialnego ze środków finansowych budżetu województwa dolnośląskiego
600 1 7 _aRożek, Tadeusz
_d(1897-1940)
_2DBN
_939523
600 1 7 _aSchaller, Kazimierz
_d(1896-1919)
_2DBN
_939524
600 1 7 _aRożek, Tadeusz
_d(1897-1940).
_2kaba
_939525
610 2 7 _aWojsko Polskie (1918-1939)
_2DBN
_937311
648 7 _a1901-2000
_2DBN
_934996
648 7 _a1914-1918
_2DBN
_936040
648 7 _a1918-1939
_2DBN
_936041
650 7 _aFotografia dokumentalna
_2DBN
_939457
650 7 _aFotografia polska
_2DBN
_935386
650 7 _aFotografia wojenna
_2DBN
_939527
650 7 _aFotografowie polscy
_2DBN
_938161
650 7 _aI wojna światowa (1914-1918)
_2DBN
_935952
650 7 _aOficerowie
_2DBN
_936620
650 7 _aWojna światowa (1914-1918)
_vfotografie.
_2kaba
_939528
650 7 _aFotografia wojenna
_xhistoria.
_2kaba
_939526
650 7 _aFotografia wojenna
_zPolska
_y1900-1945.
_2kaba
_939529
651 7 _aPolska
_2DBN
_935076
655 7 _aAlbum
_2DBN
_935390
655 7 _aBiografia
_2DBN
_935059
658 _aHistoria
710 2 _aInstytut Pamięci Narodowej - Komisja Ścigania Zbrodni przeciwko Narodowi Polskiemu.
_eWydawca
_4pbl
_911792
920 _a978-83-8098-638-1 (oprawa twarda) : zł 39,00
942 _2ddc
_cBK_NM
999 _c27444
_d27444